| 000 | 00365nam a2200145Ia 4500 | ||
|---|---|---|---|
| 008 | 230917s9999||||xx |||||||||||||| ||und|| | ||
| 040 |
_e105500 _aMAIN |
||
| 041 | _aEnglish | ||
| 082 | _a540 G564T | ||
| 100 | _aGoldberg, David E | ||
| 245 | 0 | _a3000 solved problems in Chemistry | |
| 260 |
_aNew Delhi _bTata McGraw-Hill _c2005 |
||
| 300 | _a613 p. | ||
| 942 | _cBK | ||
| 999 |
_c121157 _d121157 |
||